Представление документа в формате RUSMARC

ПолеНазваниеЗначение
  Тип записи a
  Библиографический уровень a
001 Контрольный номер RU/CBS_UL/BASE/0c9fd88faf8d4538b5ec98d75570aa09
005 Дата корректировки 20260311160217.8
100 Данные общей обработки __
a Данные общей обработки 20260311 ||| 0rusy0189 ca
101 Язык документа 0_
a Язык текста rus
102 Страна публикации __
a Страна публикации RU
200 Заглавие и сведения об ответственности 1_
a Заглавие Лиса-обманщица
e Сведения, относящиеся к заглавию [таджикская сказка]
300 Общие примечания __
a Общие примечания 6+
461 Уровень набора _0
1 2000
a Детское чтение для сердца и разума
463 Уровень физической единицы _0
1 2000
a № 2
v С. 35-40
1 2101
d 2026
1 001RU/CBS_UL/BASE/7b61471132644b748b711522582c46ee
606 Тематические рубрики 0_
a Основная рубрика Таджикская детская литература - Сказки
610 Ключевые слова 0_
a Ключевые слова таджикская литература; зарубежная литература; зарубежные сказки; таджикские сказки; таджикские народные сказки; сказки
686 Индексы других классификаций __
a Классификационный индекс И(Тадж)
801 Источник записи _0
a Страна RU
b Организация МБУК ЦБС г. Ульяновска
c Дата составления 20260311
g Правила каталогизации RCR
801 Источник записи _1
a Страна RU
b Организация МБУК ЦБС г. Ульяновска
c Дата составления 20260311
g Правила каталогизации RCR
901 Тип документа __
t Тип документа b
w Контрольный № источника RU/CBS_UL/BASE/7b61471132644b748b711522582c46ee
909 Создатель записи __
a Создатель записи mbo